Các hệ sinh thái cửa sông Việt Nam : Khai thác, duy trì và phát triển nguồn lợi  = Estuarine ecosystems of Viet Nam

Αποθηκεύτηκε σε:
Λεπτομέρειες βιβλιογραφικής εγγραφής
Κύριος συγγραφέας: Vũ Trung Tạng, PGS.PTS
Μορφή: Βιβλίο
Έκδοση: Khoa học và kỹ thuật 1994
Ετικέτες: Προσθήκη ετικέτας
Δεν υπάρχουν, Καταχωρήστε ετικέτα πρώτοι!
Thư viện lưu trữ: Mạng thư viện Đại học Đà Nẵng
LEADER 00651nam a2200217 a 4500
001 000030207
003 2686
005 20171030145630.0
008 171030s1994
040 |a LTT 
082 0 |a 574.5  |b VU-T 
100 1 |a Vũ Trung Tạng, PGS.PTS 
245 0 0 |a Các hệ sinh thái cửa sông Việt Nam : Khai thác, duy trì và phát triển nguồn lợi  = Estuarine ecosystems of Viet Nam  |c Vũ Trung Tạng. 
260 |b Khoa học và kỹ thuật  |c 1994 
OWN |a LTT 
999 |a From the UDN01 
TYP |a Monograph 
TYP |a Printed language 
980 |a Mạng thư viện Đại học Đà Nẵng